| 000 | 00326nam a2200085Ia 4500 | ||
|---|---|---|---|
| 008 | 220203s9999 xx 000 0 und d | ||
| 245 | 0 | _aInternational Workshop on Climate Change and Rubber Cultivation: R& D Priorities, 28-30 July 2010, Kottayam, India | |
| 260 |
_bRubber Research Institute of India _aKottayam _c2010 |
||
| 942 | _cPN | ||
| 999 |
_c45237 _d45237 |
||